| 000 | 00667nam a2200193 i 4500 | ||
|---|---|---|---|
| 001 | 87631 | ||
| 003 | ES-MaACL | ||
| 005 | 20230906175717.0 | ||
| 007 | t| | ||
| 008 | 041222s1965 sp ||||1| spa d | ||
| 100 | 1 |
_aKuentscher, Gerhard. _968963 |
|
| 245 | 1 | 3 |
_aEl enclavado intramedular / _cpor Gerhard Küntscher ; versión, Jaime Profitos Palou ; presentación, F. Jimeno Vidal. |
| 260 |
_aBarcelona, etc. : _bEditorial Científico-Médica, _c1965. |
||
| 300 |
_aXX, 383 p. : _bil. ; _c25 cm. |
||
| 700 | 1 |
_aProfitós Palou, Jaime. _994021 |
|
| 700 | 1 |
_aJimeno Vidal, F. _966660 |
|
| 852 |
_aES-MaACL _jC-26694 _bR.55914 |
||
| 852 |
_aES-MaACL _jC-32958 _bR.56291 |
||
| 999 |
_c87631 _d87631 |
||